00902nam a22002291i 450000100060000001000180000602100180002410000410004210100080008310200070009120000450009821000280014321500240017122500580019530002620025330500510051560600320056667500120059870000260061070100240063680100120066017899 a9789724141848 aPTb408751/16 a20170304u u u0frey50 ba0 apor aPT1 fLuísa Dacosta aO elefante cor-de-rosa cASA IIaAlfragided2005 a[58] p.cil.d21 cm2 aObras completas de Luísa Dacosta, para a infância aLuísa Dacosta é pseudónimo de Maria Luísa Saraiva Pinto dos Santos. - O exemplar nÇ 29399 é uma 8A edição de 2013. - Ler+ Plano Nacional de Leitura. - Obra recomendada pelas metas curriculares de português para o 2Ç ano de escolaridade aO exemplar nº 31245 é uma 13ª. edição. aHistórias para crianças a8:087.5 aDacostabLuísa4070 aAlvesbArmando4440 aPTgRPC